000
00254 a2200109 4500
001
34665
090
_c
22948
_d
22948
100
_a
Schmeiser, Lisa
245
_a
The complete Website upgrade and Maintenance guide
260
_a
ND
_b
BPB Publisher
505
_a
CD/DVD
942
_a
NUST-CAE
999
_c
269738
_d
269738